Arturo escribe un cuento / (Record no. 17683)

MARC details
000 -LEADER
fixed length control field 01612pam a2200457 a 4500
001 - CONTROL NUMBER
control field 45008626
003 - CONTROL NUMBER IDENTIFIER
control field OCoLC
005 - DATE AND TIME OF LATEST TRANSACTION
control field 20170616160407.0
008 - FIXED-LENGTH DATA ELEMENTS--GENERAL INFORMATION
fixed length control field 000721s2001 nyua b 000 1 spa
010 ## - LIBRARY OF CONGRESS CONTROL NUMBER
LC control number 00059598
020 ## - INTERNATIONAL STANDARD BOOK NUMBER
International Standard Book Number 1880507951 (pbk.)
020 ## - INTERNATIONAL STANDARD BOOK NUMBER
International Standard Book Number 9781880507957 (pbk.)
040 ## - CATALOGING SOURCE
Original cataloging agency DLC
Transcribing agency DLC
Modifying agency IJC
-- CoLwJCPL
041 1# - LANGUAGE CODE
Language code of text/sound track or separate title spa
Language code of original eng
042 ## - AUTHENTICATION CODE
Authentication code pcc
-- lcac
050 10 - LIBRARY OF CONGRESS CALL NUMBER
Classification number PZ73
Item number .B68432 2001
082 00 - DEWEY DECIMAL CLASSIFICATION NUMBER
Classification number [E]
Edition number 21
099 #9 - LOCAL FREE-TEXT CALL NUMBER (OCLC)
Filing suffix ESPAÑOL E
Classification number FICTION
100 1# - MAIN ENTRY--PERSONAL NAME
Personal name Brown, Marc Tolon.
240 00 - UNIFORM TITLE
Uniform title <a href="Arthur writes a story.">Arthur writes a story.</a>
Language of a work Spanish.
245 10 - TITLE STATEMENT
Title Arturo escribe un cuento /
Statement of responsibility, etc. Marc Brown ; traducido por Esther Sarfatti.
260 ## - PUBLICATION, DISTRIBUTION, ETC. (IMPRINT)
Place of publication, distribution, etc. New York :
Name of publisher, distributor, etc. Lectorum Publications,
Date of publication, distribution, etc. c2001.
300 ## - PHYSICAL DESCRIPTION
Extent 1 v. (unpaged) :
Other physical details col. ill. ;
Dimensions 26 cm.
500 ## - GENERAL NOTE
General note Traducción de = Translation of: Arthur writes a story.
500 ## - GENERAL NOTE
General note "Una aventura de Arturo"--Cover.
520 ## - SUMMARY, ETC.
Summary, etc. Arturo has to write a story as a homework assignment and keeps changing his idea of what to write as he talks to his friends.
546 ## - LANGUAGE NOTE
Language note In Spanish.
650 #0 - SUBJECT ADDED ENTRY--TOPICAL TERM
Topical term or geographic name as entry element Arthur (Fictitious character : Brown)
Form subdivision Juvenile fiction.
650 #0 - SUBJECT ADDED ENTRY--TOPICAL TERM
Topical term or geographic name as entry element Authorship
Form subdivision Juvenile fiction.
650 #0 - SUBJECT ADDED ENTRY--TOPICAL TERM
Topical term or geographic name as entry element Aardvark
Form subdivision Juvenile fiction.
650 #0 - SUBJECT ADDED ENTRY--TOPICAL TERM
Topical term or geographic name as entry element Animals
Form subdivision Juvenile fiction.
650 #1 - SUBJECT ADDED ENTRY--TOPICAL TERM
Topical term or geographic name as entry element Arthur (Fictitious character : Brown)
Form subdivision Fiction.
650 #1 - SUBJECT ADDED ENTRY--TOPICAL TERM
Topical term or geographic name as entry element Authorship
Form subdivision Fiction.
650 #1 - SUBJECT ADDED ENTRY--TOPICAL TERM
Topical term or geographic name as entry element Aardvark
Form subdivision Fiction.
650 #1 - SUBJECT ADDED ENTRY--TOPICAL TERM
Topical term or geographic name as entry element Animals
Form subdivision Fiction.
650 #1 - SUBJECT ADDED ENTRY--TOPICAL TERM
Topical term or geographic name as entry element Spanish language materials.
655 #7 - INDEX TERM--GENRE/FORM
Genre/form data or focus term Spanish language materials.
Source of term lcshac.
655 #7 - INDEX TERM--GENRE/FORM
Genre/form data or focus term Materiales en espa��ol.
Source of term local.
700 1# - ADDED ENTRY--PERSONAL NAME
Personal name Sarfatti, Esther.
942 ## - ADDED ENTRY ELEMENTS (KOHA)
Koha item type Libro/Book
Holdings
Withdrawn status Lost status Source of classification or shelving scheme Damaged status Not for loan Home library Current library Date acquired Total Checkouts Full call number Barcode Date last seen Price effective from Koha item type
    Dewey Decimal Classification     Genizero -- Satellite Genizero -- Satellite 16/06/2017   [E] 35601529 16/06/2017 16/06/2017 Libro/Book

Powered by Koha